| 000 | 01055nam a22003377a 4500 | ||
|---|---|---|---|
| 001 | BR0906261 | ||
| 003 | BR-BrBNA | ||
| 005 | 20230928103114.0 | ||
| 007 | ta | ||
| 008 | 230509b bl.||||| |||| 00| 0 por d | ||
| 040 |
_aBR-BrBNA _bpor _cBiblioteca Nacional de Agricultura |
||
| 041 | _a(Por) | ||
| 072 |
_aL02 _b5214 _b9143 |
||
| 090 | _ 5214 BR0906261 | ||
| 100 | 1 | _aCosta, F.M.J. | |
| 110 | 1 |
_aUniversidade Federal de Lavras, MG (Brasil) _0Tese (Doutorado) |
|
| 245 | 1 | _aResposta de vacas leiteiras alimentadas com polpa cítrica em substituição ao milho, à suplementação com metionina e à ensilagem de grãos de milho duro ou dentado | |
| 260 | 3 |
_aLavras, MG (Brasil): _c2008. |
|
| 300 | _a122 p. | ||
| 500 | _aSummaries (Eng, Por); Several bibliography; 33 tables | ||
| 650 | _aVACA LEITEIRA | ||
| 650 | _aFRUTA CÍTRICA | ||
| 650 | _aPOLPA | ||
| 650 | _aMILHO | ||
| 650 | _aMETIONINA | ||
| 650 | _aENSILAGEM | ||
| 650 | _aGRÃO | ||
| 650 | _aSUPLEMENTO ALIMENTAR | ||
| 909 |
_a202309 _bLucia _c55 _dLucia Elande |
||
| 942 | _cBK | ||
| 999 |
_c73744 _d73744 |
||